Score 0/10 Timer 04:00
4 Plays Today
Year Movie % Correct
2011The Muppets
97.7%
1979The Muppet Movie
79.4%
1984The Muppets Take Manhattan
75.5%
1992The Muppet Christmas Carol
70.6%
1996Muppet Treasure Island
65%
1981The Great Muppet Caper
59.1%
2014Muppets Most Wanted
51.3%
1999Muppets from Space
51.1%
2005The Muppets' Wizard of Oz
27.7%
2002It's a Very Merry Muppet Christmas
15.4%
Remove Ads.
Support Sporcle.
Get the best of Sporcle when you Go Orange. This ad-free experience offers more features, more stats, and more fun while also helping to support Sporcle. Thank you for becoming a member.

You're not logged in!

Compare scores with friends on all Sporcle quizzes.
OR
Log In

Show Comments

Extras

Top Quizzes Today


Score Distribution

Your Account Isn't Verified!

In order to create a playlist on Sporcle, you need to verify the email address you used during registration. Go to your Sporcle Settings to finish the process.

Report this User

Report this user for behavior that violates our Community Guidelines.

Details: